01531nam a2200373Ia 4500001001200000003000800012006001900020007001500039008004100054020001800095020001800113040002100131035002100152050002500173100003100198245015600229260006300385300002600448490003400474500006300508500001800571504004100589533015200630650004200782650003800824650003800862650002100900655002900921700002100950700002600971710001700997856012601014999001701140ebr10566257CaPaEBRm u cr cn|||||||||120308s2012 dcud sb 000 0 eng d z9781463938420 z9781463948931 aCaPaEBRcCaPaEBR a(OCoLC)84772246514aHB3722b.B47 2012eeb1 aBernal-Verdugo, Lorenzo E.10aCrises, labor market policy, and unemploymenth[electronic resource] :bprepared by Lorenzo E. Bernal-Verdugo, Davide Furceri, and Dominique Guillaume. a[Washington, D.C.] :bInternational Monetary Fund,cc2012. a28 p. :bcol. charts.0 aIMF working paper ;vWP/12/65 aAt head of title: Middle East and Central Asia Department. a"March 2012." aIncludes bibliographical references. aElectronic reproduction.bPalo Alto, Calif. :cebrary,d2013.nAvailable via World Wide Web.nAccess may be limited to ebrary affiliated libraries. 0aFinancial crisesxEconometric models. 0aUnemploymentxEconometric models. 0aLabor marketxEconometric models. 0aManpower policy. 7aElectronic books.2local1 aFurceri, Davide.1 aGuillaume, Dominique.2 aebrary, Inc.40uhttp://site.ebrary.com/lib/rucke/Doc?id=10566257zAn electronic book accessible through the World Wide Web; click to view c92791d92791